Landkreise mit Kreissitz und Kfz-Kennzeichen Thüringens - Statistiken

Allgemein
  • Dieses Quiz wurde 23 mal gespielt
  • Das Durchschnittsergebnis liegt bei 30 aus 62
Antwortstatistiken
Antworten % Korrekt
J
89%
WE
89%
EF
83%
G
83%
SÖM
72%
AP, APD
67%
Gotha
67%
GTH
67%
Wartburgkreis
67%
Apolda
61%
Sömmerda
61%
SON, NH
61%
Altenburg
56%
EIC, HIG, WBS
56%
Greiz
56%
GRZ, ZR
56%
kreisfreie Stadt Jena
56%
Meiningen
56%
Nordhausen
56%
Saalfeld/Saale
56%
SM, MGN
56%
kreisfreie Stadt Erfurt
50%
kreisfreie Stadt Gera
50%
KYF, ART, SDH
50%
Mühlhausen/Thüringen
50%
NDH
50%
SHL
50%
Sonneberg
50%
WAK, EA, SLZ
50%
Bad Salzungen
44%
Hildburghausen
44%
kreisfreie Stadt Weimar
44%
Landkreis Gotha
44%
Landkreis Greiz
44%
Saale-Orla-Kreis
44%
UH, LSZ, MHL
44%
Unstrut-Hainich-Kreis
44%
ABG, SLN
39%
Ilm-Kreis
39%
kreisfreie Stadt Suhl
39%
Kyffhäuserkreis
39%
Landkreis Hildburghausen
39%
Landkreis Nordhausen
39%
Landkreis Sonneberg
39%
Saale-Holzland-Kreis
39%
Sondershausen
39%
Arnstadt
33%
Heilbad Heiligenstadt
33%
Landkreis Altenburger Land
33%
Landkreis Eichsfeld
33%
Landkreis Saalfeld-Rudolstadt
33%
Landkreis Schmalkalden-Meiningen
33%
Landkreis Sömmerda
33%
Schleiz
33%
SHK, EIS, SRO
33%
SOK, LBS, PN, SCZ
33%
Eisenberg
28%
HBN
28%
IK, ARN, IL
28%
Landkreis Weimarer Land
28%
SLF, RU
28%
ESA
6%
Keine übereinstimmenden Quizze gefunden
Verteilung der Resultate
Anzahl Personen mit jedem Resultat
Perzentil nach korrekt beantworteten Fragen
Ihre Resultats-Entwicklung
Sie haben dieses Quiz noch nicht gespielt